100 municipios mas grandes de Andalucía - Estadísticas

Estadísticas generales
  • Esta prueba ha sido intentada 422 veces
  • La puntuación promedio es 61 de 100
Estadísticas de respuestas
Provincia Población Municipio % Correcto
Sevilla 687.488 Sevilla
100%
Almería 202.675 Almería
99%
Córdoba 322.811 Córdoba
99%
Granada 232.717 Granada
99%
Málaga 591.637 Málaga
99%
12º Cádiz 110.914 Cádiz
98%
Huelva 142.532 Huelva
97%
11º Jaén 112.074 Jaén
97%
Cádiz 213.688 Jerez de la Frontera
97%
Sevilla 140.430 Dos Hermanas
96%
Málaga 159.000 Marbella
95%
10º Cádiz 124.978 Algeciras
92%
17º Cádiz 89.960 El Puerto de Santa María
91%
34º Cádiz 42.069 Puerto Real
91%
13º Almería 109.204 Roquetas de Mar
91%
18º Cádiz 89.794 Chiclana de la Frontera
88%
16º Almería 90.135 El Ejido
87%
24º Málaga 70.993 Torremolinos
87%
28º Jaén 55.261 Linares
86%
14º Cádiz 93.645 San Fernando
86%
19º Málaga 85.990 Vélez - Málaga
85%
20º Málaga 85.859 Fuengirola
84%
22º Málaga 77.654 Benalmádena
83%
21º Málaga 78.413 Estepona
83%
26º Cádiz 64.177 La Linea de la Concepción
83%
35º Málaga 41.178 Antequera
82%
40º Jaén 33.810 Úbeda
82%
27º Granada 59.632 Motril
81%
25º Cádiz 69.876 Sanlúcar de Barrameda
80%
42º Málaga 33.329 Ronda
79%
23º Sevilla 76.922 Alcalá de Guadaíra
77%
78º Jaén 21.587 Alcalá la Real
77%
15º Málaga 93.302 Mijas
77%
37º Sevilla 39.530 Écija
74%
30º Sevilla 52.173 Utrera
74%
47º Cádiz 29.675 Rota
69%
94º Cádiz 18.621 Tarifa
69%
75º Málaga 21.913 Nerja
67%
54º Granada 27.305 Almuñécar
65%
76º Huelva 21.645 Ayamonte
65%
49º Huelva 28.813 Lepe
65%
33º Córdoba 42.813 Lucena
64%
88º Cádiz 19.649 Chipiona
63%
65º Cádiz 23.661 Conil de la Frontera
63%
29º Málaga 52.230 Rincón de la Victoria
63%
39º Jaén 35.788 Andújar
60%
52º Sevilla 28.157 Camas
58%
96º Granada 18.527 Guadix
58%
64º Sevilla 24.125 Mairena del Alcor
58%
31º Sevilla 47.541 Mairena del Aljarafe
58%
48º Sevilla 29.551 Carmona
57%
46º Córdoba 29.781 Puente Genil
57%
68º Cádiz 22.811 Barbate
56%
83º Granada 20.579 Baza
56%
38º Sevilla 38.698 Los Palacios y Villafranca
56%
58º Huelva 25.233 Almonte
55%
32º Málaga 43.674 Alhaurín De la Torre
53%
56º Málaga 26.879 Alhaurín el Grande
53%
44º Cádiz 30.953 Arcos de la Frontera
53%
45º Sevilla 30.887 Coria del Río
52%
77º Huelva 21.603 Isla Cristina
52%
43º Almería 32.858 Níjar
52%
98º Sevilla 18.418 Osuna
52%
80º Málaga 20.932 Torrox
50%
53º Sevilla 27.727 Lebrija
47%
55º Sevilla 27.229 Morón de la Frontera
47%
70º Sevilla 22.472 San Juan de Aznalfarache
47%
41º Cádiz 33.646 San Roque
47%
82º Granada 20.580 Loja
46%
59º Almería 25.195 Adra
45%
85º Córdoba 20.070 Cabra
45%
99º Sevilla 18.316 Lora del Río
45%
60º Granada 25.059 Armilla
44%
74º Córdoba 22.003 Priego de Córdoba
43%
71º Córdoba 22.298 Montilla
42%
61º Málaga 25.023 Coín
40%
62º Jaén 24.363 Martos
39%
95º Córdoba 18.533 Baena
38%
63º Cádiz 24.219 Los Barrios
38%
100º Málaga 17.857 Manilva
38%
36º Sevilla 40.162 La Rinconada
37%
81º Córdoba 20.688 Palma del Río
37%
57º Sevilla 25.374 Tomares
36%
93º Almería 18.919 Vera
36%
69º Sevilla 22.780 Bormujos
35%
91º Sevilla 19.271 Marchena
35%
50º Málaga 28.412 Cártama
32%
66º Huelva 22.956 Moguer
32%
72º Granada 22.275 Maracena
31%
90º Granada 19.474 Albolote
30%
97º Almería 18.507 Huércal de Almería
29%
84º Almería 20.425 Huércal - Overa
29%
92º Sevilla 19.265 El Viso del Alcor
27%
86º Granada 20.024 Atarfe
26%
51º Almería 28.245 Vícar
26%
89º Sevilla 19.491 Arahal
25%
79º Huelva 21.128 Cartaya
25%
67º Granada 22.829 Las Gabias
24%
87º Granada 19.885 La Zubia
23%
73º Huelva 22.259 Aljaraque
18%
No se encontraron pruebas coincidentes
Distribución de puntuación
Porcentaje de gente con cada puntuación
Porcentaje por número respondido
Historial de tus puntuaciones
No has intentado esta prueba.